[Event "EU-ch Rapid"]
[Site "Katowice"]
[Date "2021.12.19"]
[Round "11"]
[White "Kuegel, Tobias"]
[Black "Gerasimenyk, Mihail"]
[Result "0-1"]
[WhiteElo "2280"]
[BlackElo "2136"]
[PlyCount "61"]
[EventDate "2021.12.18"]
[EventType "swiss (rapid)"]
[EventRounds "11"]
[EventCountry "POL"]
[SourceTitle "CBM 205 Extra"]
[Source "ChessBase"]
[SourceDate "2022.01.31"]
[SourceVersion "1"]
[SourceVersionDate "2022.01.31"]
[SourceQuality "1"]

1. e4 c6 2. Nc3 d5 3. Nf3 dxe4 4. Nxe4 Nf6 5. Qe2 Bf5 6. Nxf6+ gxf6 7. d4 Nd7 8. Nh4 Be6 9. Be3 Qa5+ 10. c3 Nb6 11. g3 Nc4 12. Bf4 0-0-0 13. Bg2 Rxd4 14. 0-0 Rxf4 15. gxf4 Rg8 16. Kh1 Nd6 17. Rg1 Bc4 18. Qe3 Kc7 19. b3 Be6 20. Bh3 Qd5+ 21. Rg2 Bxh3 22. Qxh3 Ne4 23. Qf3 Rxg2 24. Nxg2 f5 25. Kg1 e6 26. Rd1 Qc5 27. c4 Qa3 28. Qh5 Bc5 29. Qxf7+ Kb6 30. Qd7 Qxa2 31. b4 0-1